| Tag |
First Indicator |
Second Indicator |
Subfields |
| LEADER |
00000pam a2200000 a 4500 |
| 001 |
in00000091013 |
| 005 |
20151008063852.0 |
| 008 |
810925s1982 njua b 00110 eng |
| 010 |
|
|
|a 81017701
|
| 020 |
|
|
|a 0137250932
|
| 020 |
|
|
|a 0137250851 (pbk.)
|
| 035 |
|
|
|a (OCoLC)07835811
|
| 035 |
|
|
|9 AAK3080AM
|
| 039 |
0 |
|
|a 2
|b 3
|c 3
|d 3
|e 3
|
| 040 |
|
|
|a DLC
|c DLC
|d TXA
|d UtOrBLW
|
| 049 |
|
|
|a TXAM
|c [951818]
|
| 050 |
0 |
0 |
|a HF5549
|b .M3395
|
| 082 |
0 |
|
|a 658.3/14
|2 19
|
| 100 |
1 |
|
|a McAfee, R. Bruce.
|
| 245 |
1 |
0 |
|a Productivity strategies :
|b enhancing employee job performance /
|c R. Bruce McAfee, William Poffenberger.
|
| 264 |
|
1 |
|a Englewood Cliffs, N.J. :
|b Prentice-Hall,
|c [1982]
|
| 264 |
|
4 |
|c ©1982
|
| 300 |
|
|
|a viii, 242 pages :
|b illustrations ;
|c 24 cm.
|
| 336 |
|
|
|a text
|b txt
|2 rdacontent
|
| 337 |
|
|
|a unmediated
|b n
|2 rdamedia
|
| 338 |
|
|
|a volume
|b nc
|2 rdacarrier
|
| 500 |
|
|
|a "A Spectrum Book."
|
| 504 |
|
|
|a Includes bibliographies and index.
|
| 650 |
|
0 |
|a Personnel management.
|
| 650 |
|
0 |
|a Labor productivity.
|
| 700 |
1 |
|
|a Poffenberger, William.
|
| 999 |
|
|
|a MARS
|
| 999 |
f |
f |
|s 9b8f4449-8fe1-396f-a8c5-d4d94e4b76ee
|i 0b0b1ab8-71a7-3c45-a12a-c083c8c0ecf7
|t 0
|
| 952 |
f |
f |
|p ric
|a Texas A&M University
|b Rellis Campus
|c Joint Library Facility
|d Remote Storage
|t 0
|e HF5549 .M3395
|h Library of Congress classification
|i unmediated -- volume
|m A14806135444
|
| 998 |
f |
f |
|a HF5549 .M3395
|t 0
|l Remote Storage
|